[Event "Steinfurt Bezirksklasse 1819"]
[Site "Germany"]
[Date "2018.11.10"]
[Round "2.2"]
[White "Beyer, Rainer"]
[Black "May, Holger"]
[Result "1/2-1/2"]
[WhiteElo "1409"]
[BlackElo "1725"]
[PlyCount "102"]
[EventDate "2018.09.29"]
[EventType "team-tourn"]
[EventRounds "7"]
[EventCountry "GER"]
[SourceTitle "EXT 2020"]
[Source "ChessBase"]
[SourceDate "2019.10.17"]
[SourceVersion "1"]
[SourceVersionDate "2019.10.17"]
[SourceQuality "1"]
[WhiteTeam "Rheine CC"]
[BlackTeam "Saerbeck II"]
[WhiteTeamCountry "GER"]
[BlackTeamCountry "GER"]

1. e4 c5 2. Nf3 Nc6 3. d4 cxd4 4. Nxd4 e5 5. Nxc6 bxc6 6. Bc4 Nf6 7. Bg5 Be7 8. Bxf6 Bxf6 9. 0-0 0-0 10. Nc3 Qe7 11. Qd3 d6 12. Rfd1 Rd8 13. Qf3 Be6 14. Bxe6 fxe6 15. Rab1 Rab8 16. g3 g6 17. b3 Kg7 18. Na4 d5 19. Rd3 Rb5 20. Re1 Rb7 21. Qd1 Rbd7 22. Qc1 Bg5 23. Qb2 Bf6 24. Qc1 Rf8 25. h4 Qd6 26. c4 d4 27. c5 Qc7 28. b4 Rdf7 29. Qc4 Qe7 30. Re2 h5 31. Qb3 g5 32. hxg5 Bxg5 33. Nb2 Qf6 34. Nc4 Kh6 35. Kg2 Rg7 36. Rf3 Qxf3+ 37. Qxf3 Rxf3 38. Kxf3 Bf6 39. Na5 Rc7 40. a4 a6 41. Rd2 Kg6 42. Rd3 Rc8 43. Ke2 Bd8 44. Nc4 Bc7 45. Nb6 Rb8 46. a5 Rh8 47. Rf3 Rd8 48. Kd3 Rh8 49. Nd7 Re8 50. Nf8+ Kg7 51. Nd7 Kg6 1/2-1/2

[Event "Steinfurt Bezirksklasse 1718"]
[Site "Germany"]
[Date "2017.12.09"]
[Round "3.1"]
[White "Santos Brito, Daniel"]
[Black "Beyer, Rainer"]
[Result "1-0"]
[WhiteElo "1932"]
[BlackElo "1395"]
[PlyCount "40"]
[EventDate "2017.10.07"]
[EventType "team-tourn"]
[EventRounds "7"]
[EventCountry "GER"]
[SourceTitle "EXT 2019"]
[Source "ChessBase"]
[SourceDate "2018.10.10"]
[SourceVersion "1"]
[SourceVersionDate "2018.10.10"]
[SourceQuality "1"]
[WhiteTeam "Neuenkirchen II"]
[BlackTeam "Rheine CC"]
[WhiteTeamCountry "GER"]
[BlackTeamCountry "GER"]

1. e4 e5 2. f4 d6 3. Bc4 Nf6 4. Nc3 c6 5. Nf3 Bg4 6. fxe5 dxe5 7. Bxf7+ Kxf7 8. Nxe5+ Kg8 9. Nxg4 Nxg4 10. Qxg4 Qd7 11. Qf3 Bc5 12. Rf1 Na6 13. Ne2 Rf8 14. Qb3+ Rf7 15. d4 Bd6 16. e5 Bxe5 17. dxe5 Qe7 18. Bd2 Nc5 19. Qc4 b5 20. Rxf7 Qxf7 1-0

[Event "Steinfurt Bezirksklasse 1617"]
[Site "Germany"]
[Date "2016.11.19"]
[Round "3.2"]
[White "Beyer, Rainer"]
[Black "Jarvers, Hermann"]
[Result "0-1"]
[WhiteElo "1451"]
[BlackElo "1489"]
[PlyCount "106"]
[EventDate "2016.09.17"]
[EventType "team"]
[EventRounds "10"]
[EventCountry "GER"]
[SourceTitle "EXT 2018"]
[Source "ChessBase"]
[SourceDate "2017.10.13"]
[SourceVersion "1"]
[SourceVersionDate "2017.10.13"]
[SourceQuality "1"]
[WhiteTeam "Rheine CC"]
[BlackTeam "Rheine Klein Berlin III"]
[WhiteTeamCountry "GER"]
[BlackTeamCountry "GER"]

1. e4 e5 2. Nf3 Nc6 3. Bc4 Be7 4. 0-0 Nf6 5. Re1 d6 6. h3 0-0 7. a3 Be6 8. Bxe6 fxe6 9. d4 Nxd4 10. Nxd4 exd4 11. Qxd4 e5 12. Qc4+ Kh8 13. Nc3 c6 14. b4 Nh5 15. Qe2 Nf4 16. Bxf4 Rxf4 17. g3 Rf7 18. Qg4 Qf8 19. Re2 Rd8 20. Kg2 Rf6 21. h4 Rg6 22. Qh3 Qf7 23. Rf1 Rf8 24. f3 Qf4 25. Kh2 Qf7 26. Ref2 Rf6 27. Qd7 Bd8 28. Qxf7 R6xf7 29. Ne2 Bb6 30. f4 Bxf2 31. Rxf2 d5 32. exd5 cxd5 33. c3 h5 34. Kg2 e4 35. Nd4 Rc8 36. Rc2 Rfc7 37. Nb5 Re7 38. Kf2 a6 39. Nd6 Rc6 40. Nf5 Rec7 41. Rd2 Rxc3 42. Rxd5 Rxa3 43. Nd4 e3+ 44. Kf3 Rcc3 45. Rxh5+ Kg8 46. Ne2 Rc2 47. Re5 Rb3 48. Re4 Ra3 49. Re8+ Kh7 50. Re4 Rd2 51. g4 Rd1 52. Nd4 Rf1+ 53. Kg3 e2+ 0-1

[Event "Steinfurt Bezirksliga 1516"]
[Site "Germany"]
[Date "2015.11.07"]
[Round "2.5"]
[White "Hartmann, Viktor"]
[Black "Beyer, Rainer"]
[Result "1/2-1/2"]
[WhiteElo "1661"]
[BlackElo "1394"]
[PlyCount "80"]
[EventDate "2015.09.19"]
[EventType "team-tourn"]
[EventRounds "9"]
[EventCountry "GER"]
[SourceTitle "EXT 2017"]
[Source "ChessBase"]
[SourceDate "2016.10.25"]
[SourceVersion "1"]
[SourceVersionDate "2016.10.25"]
[SourceQuality "1"]
[WhiteTeam "Ibbenbueren II"]
[BlackTeam "Rheine CC"]
[WhiteTeamCountry "GER"]
[BlackTeamCountry "GER"]

1. d4 d5 2. c4 e6 3. c5 Nf6 4. Bg5 Be7 5. Nc3 Bd7 6. Nf3 b6 7. cxb6 cxb6 8. e3 h6 9. Bh4 Nc6 10. a3 a6 11. Bd3 b5 12. h3 Rc8 13. 0-0 0-0 14. Bg3 Ne8 15. Ne2 Na5 16. Ne5 Nc4 17. Nxc4 dxc4 18. Bc2 Bd6 19. e4 Bxg3 20. Nxg3 Nf6 21. e5 Nd5 22. Ne4 Bc6 23. Nd6 Rc7 24. Qd2 Rd7 25. a4 f6 26. axb5 Bxb5 27. Rfe1 fxe5 28. dxe5 Ne7 29. Qe3 Nf5 30. Nxf5 exf5 31. e6 Re7 32. Qe5 g6 33. Rad1 Qb8 34. Qe3 Kh7 35. h4 Rf6 36. h5 Rfxe6 37. hxg6+ Kg8 38. Qc1 f4 39. Rxe6 Rxe6 40. Qd2 Qe5 1/2-1/2

[Event "Steinfurt Bezirksklasse 1415"]
[Site "Germany"]
[Date "2015.04.25"]
[Round "8.4"]
[White "Lerke, Stephanie"]
[Black "Beyer, Rainer"]
[Result "0-1"]
[WhiteElo "1224"]
[BlackElo "1351"]
[PlyCount "64"]
[EventDate "2014.09.20"]
[EventType "team-tourn"]
[EventRounds "9"]
[EventCountry "GER"]
[SourceTitle "EXT 2016"]
[Source "ChessBase"]
[SourceDate "2015.10.08"]
[SourceVersion "1"]
[SourceVersionDate "2015.10.08"]
[SourceQuality "1"]
[WhiteTeam "Nordwalde II"]
[BlackTeam "Rheine"]
[WhiteTeamCountry "GER"]
[BlackTeamCountry "GER"]

1. Nf3 d6 2. d4 e6 3. Bf4 Nf6 4. e3 Be7 5. Be2 b6 6. 0-0 Bb7 7. Nbd2 Nh5 8. Bg3 0-0 9. Nh4 Nxg3 10. fxg3 Bxh4 11. gxh4 Qxh4 12. Bf3 Bxf3 13. Nxf3 Qh6 14. Qe2 Nd7 15. Rae1 c5 16. Qb5 Nf6 17. Qc6 cxd4 18. exd4 Rfc8 19. Qxd6 Rxc2 20. Rf2 Rxf2 21. Kxf2 Qg6 22. Qc6 Rf8 23. Ne5 Ng4+ 24. Nxg4 Qxg4 25. d5 Qd4+ 26. Kf1 Qxd5 27. Qxd5 exd5 28. Ke2 Rc8 29. a3 g6 30. Ke3 Re8+ 31. Kd2 Rxe1 32. Kxe1 Kg7 0-1

[Event "Steinfurt Bezirksklasse 1112"]
[Site "Germany"]
[Date "2012.04.28"]
[Round "8.5"]
[White "Koerbel, Thomas"]
[Black "Beyer, Rainer"]
[Result "1-0"]
[WhiteElo "1306"]
[BlackElo "1350"]
[PlyCount "79"]
[EventDate "2011.09.24"]
[EventType "team-tourn"]
[EventRounds "9"]
[EventCountry "GER"]
[SourceTitle "EXT 2013"]
[Source "ChessBase"]
[SourceDate "2012.11.22"]
[SourceVersion "1"]
[SourceVersionDate "2012.11.22"]
[SourceQuality "1"]
[WhiteTeam "Saerbeck III"]
[BlackTeam "Rheine CC"]
[WhiteTeamCountry "GER"]
[BlackTeamCountry "GER"]

1. e4 c5 2. c3 e6 3. d4 d5 4. e5 cxd4 5. cxd4 Nc6 6. Nf3 h6 7. Be2 Qb6 8. a3 Be7 9. 0-0 f6 10. b4 a6 11. Nc3 Bd7 12. Bb2 fxe5 13. Nxe5 Nxe5 14. dxe5 Bg5 15. Bh5+ Ke7 16. Qd3 Be8 17. Bf3 Qd8 18. Rad1 Kf8 19. Qc2 Ne7 20. Ne2 Bg6 21. Qb3 Kf7 22. Bd4 Qc7 23. Bg4 h5 24. Bh3 Bf5 25. Rde1 g6 26. Qg3 Bh6 27. Qh4 Raf8 28. Bxf5 Nxf5 29. Qf6+ Ke8 30. Qxe6+ Qe7 31. Qxg6+ Qf7 32. Qxf7+ Rxf7 33. e6 Nxd4 34. exf7+ Kxf7 35. Nxd4 Bg7 36. Rd1 Rd8 37. Rfe1 Rd7 38. Nf3 d4 39. Ne5+ Bxe5 40. Rxe5 1-0

[Event "Steinfurt Bezirksklasse 1112"]
[Site "Germany"]
[Date "2012.02.25"]
[Round "6.5"]
[White "Lange, Antonius"]
[Black "Beyer, Rainer"]
[Result "1-0"]
[WhiteElo "1592"]
[BlackElo "1350"]
[PlyCount "56"]
[EventDate "2011.09.24"]
[EventType "team-tourn"]
[EventRounds "9"]
[EventCountry "GER"]
[SourceTitle "EXT 2013"]
[Source "ChessBase"]
[SourceDate "2012.11.22"]
[SourceVersion "1"]
[SourceVersionDate "2012.11.22"]
[SourceQuality "1"]
[WhiteTeam "Emsdetten Turm III"]
[BlackTeam "Rheine CC"]
[WhiteTeamCountry "GER"]
[BlackTeamCountry "GER"]

1. d4 d5 2. c4 e6 3. e3 Nf6 4. Nc3 c5 5. Nf3 Nc6 6. cxd5 Nxd5 7. Bb5 Bd7 8. dxc5 Nxc3 9. bxc3 Bxc5 10. 0-0 0-0 11. Qc2 Qe7 12. Rb1 a6 13. Bd3 b5 14. Bxh7+ Kh8 15. Be4 Rac8 16. Qe2 Nb8 17. Ne5 g6 18. Bxg6 Qg5 19. Nxf7+ Rxf7 20. Bxf7 Kg7 21. Bh5 e5 22. e4 Qf6 23. Qf3 Qe7 24. Qg3+ Kh8 25. Bg5 Qg7 26. Qh4 Kg8 27. Bf6 Qh7 28. Qg5+ Kf8 1-0

[Event "Steinfurt Bezirksklasse 1112"]
[Site "Germany"]
[Date "2012.01.28"]
[Round "5.5"]
[White "Beyer, Rainer"]
[Black "Wissing, Philipp"]
[Result "1-0"]
[WhiteElo "1350"]
[BlackElo "1117"]
[PlyCount "67"]
[EventDate "2011.09.24"]
[EventType "team-tourn"]
[EventRounds "9"]
[EventCountry "GER"]
[SourceTitle "EXT 2013"]
[Source "ChessBase"]
[SourceDate "2012.11.22"]
[SourceVersion "1"]
[SourceVersionDate "2012.11.22"]
[SourceQuality "1"]
[WhiteTeam "Rheine CC"]
[BlackTeam "Emsdetten Turm IV"]
[WhiteTeamCountry "GER"]
[BlackTeamCountry "GER"]

1. e4 e5 2. Nf3 Nf6 3. d3 Nc6 4. Be3 d5 5. exd5 Nxd5 6. Qd2 Be7 7. a3 0-0 8. Be2 Be6 9. Nc3 Nxe3 10. fxe3 Bg4 11. 0-0-0 a6 12. Kb1 Rb8 13. h3 Be6 14. d4 exd4 15. Nxd4 Bc8 16. Bf3 Nxd4 17. Qxd4 Qxd4 18. Rxd4 b5 19. Nd5 Bc5 20. Rd3 Bd6 21. Rhd1 Be6 22. e4 c5 23. Nf6+ gxf6 24. Rxd6 Ra8 25. e5 Ra7 26. exf6 a5 27. Re1 Re8 28. Bg4 Bd7 29. Re7 Rd8 30. Bxd7 Kf8 31. g4 h6 32. h4 Kg8 33. g5 Kh7 34. Bf5+ 1-0

[Event "Steinfurt Bezirksklasse 1112"]
[Site "Germany"]
[Date "2011.09.24"]
[Round "1.5"]
[White "Beyer, Rainer"]
[Black "Dulle, David Leon"]
[Result "1-0"]
[WhiteElo "1350"]
[BlackElo "1044"]
[PlyCount "121"]
[EventDate "2011.09.24"]
[EventType "team-tourn"]
[EventRounds "9"]
[EventCountry "GER"]
[SourceTitle "EXT 2013"]
[Source "ChessBase"]
[SourceDate "2012.11.22"]
[SourceVersion "1"]
[SourceVersionDate "2012.11.22"]
[SourceQuality "1"]
[WhiteTeam "Rheine CC"]
[BlackTeam "Neuenkirchen III"]
[WhiteTeamCountry "GER"]
[BlackTeamCountry "GER"]

1. e4 e5 2. Nf3 Nc6 3. Bc4 Bc5 4. c3 Nf6 5. d3 Na5 6. Bb3 Nxb3 7. axb3 d6 8. h3 h6 9. 0-0 Be6 10. b4 Bb6 11. Qe1 c5 12. bxc5 Bxc5 13. Be3 Bxe3 14. Qxe3 b6 15. Nbd2 0-0 16. Ra3 Qc7 17. Rfa1 Rfe8 18. d4 Bd7 19. dxe5 dxe5 20. Qe2 Qb7 21. Nh2 Bc6 22. f3 Nh7 23. b4 b5 24. Qe3 a6 25. Nb3 Qc8 26. Qc5 Bb7 27. Qxc8 Rexc8 28. Nc5 Rc7 29. Nxb7 Rxb7 30. Rxa6 Rxa6 31. Rxa6 Rc7 32. Ra3 f6 33. Kf2 Ng5 34. Ng4 Ne6 35. g3 Kf7 36. Ne3 Ke8 37. Nd5 Rd7 38. Ra6 Nc7 39. Nxc7+ Rxc7 40. Ra3 Kd7 41. Ke3 g5 42. Kd2 Ke7 43. Kc2 Kd7 44. Ra6 Rc6 45. Ra7+ Rc7 46. Ra8 Rc8 47. Rxc8 Kxc8 48. c4 Kc7 49. cxb5 Kb6 50. Kc3 Kxb5 51. Kb3 Kb6 52. Kc4 Kc6 53. b5+ Kb6 54. Kd5 Kxb5 55. Ke6 Kc4 56. Kxf6 Kd4 57. Kf5 Ke3 58. Kxe5 Kxf3 59. Kf5 Kxg3 60. e5 Kxh3 61. e6 1-0

[Event "Steinfurt Bezirksklasse 1011"]
[Site "Germany"]
[Date "2010.10.30"]
[Round "2.6"]
[White "Teupe, Martin"]
[Black "Beyer, Rainer"]
[Result "0-1"]
[WhiteElo "1067"]
[BlackElo "1356"]
[PlyCount "46"]
[EventDate "2010.09.25"]
[EventType "team-tourn"]
[EventRounds "9"]
[EventCountry "GER"]
[SourceTitle "EXT 2012"]
[Source "ChessBase"]
[SourceDate "2011.11.24"]
[SourceVersion "1"]
[SourceVersionDate "2011.11.24"]
[SourceQuality "1"]
[WhiteTeam "Emsdetten Rochade IV"]
[BlackTeam "Rheine CC"]
[WhiteTeamCountry "GER"]
[BlackTeamCountry "GER"]

1. e4 e5 2. Nf3 d6 3. Nc3 Nf6 4. Bc4 Bg4 5. d3 Be7 6. 0-0 a6 7. a3 Nc6 8. h3 Bxf3 9. Qxf3 Nd4 10. Qd1 0-0 11. Be3 b5 12. Ba2 c5 13. Bxd4 cxd4 14. Nd5 Rc8 15. Rc1 Nxd5 16. Bxd5 Qc7 17. Re1 Bg5 18. Rb1 Qxc2 19. Qxc2 Rxc2 20. Rec1 Bxc1 21. Bb3 Rc7 22. a4 Rb8 23. axb5 axb5 0-1

[Event "Steinfurt Bezirksliga 0910"]
[Site "Germany"]
[Date "2010.03.13"]
[Round "7.5"]
[White "Beyer, Rainer"]
[Black "Luszczynski, Josef"]
[Result "0-1"]
[WhiteElo "1387"]
[BlackElo "1475"]
[PlyCount "86"]
[EventDate "2009.09.12"]
[EventType "team-tourn"]
[EventRounds "9"]
[EventCountry "GER"]
[SourceTitle "EXT 2011"]
[Source "ChessBase"]
[SourceDate "2010.11.26"]
[SourceVersion "1"]
[SourceVersionDate "2010.11.26"]
[SourceQuality "1"]
[WhiteTeam "Rheine"]
[BlackTeam "Ibbenbueren II"]
[WhiteTeamCountry "GER"]
[BlackTeamCountry "GER"]

1. e4 c5 2. Nf3 g6 3. d4 cxd4 4. Nxd4 Nc6 5. Nxc6 bxc6 6. c3 Bg7 7. Bf4 Qb6 8. Qc2 d6 9. Be3 Qa5 10. Nd2 d5 11. Nb3 Qa4 12. exd5 cxd5 13. Bd3 Nf6 14. 0-0 0-0 15. Nd4 Qa5 16. Nc6 Qc7 17. Nd4 Qa5 18. Nc6 Qc7 19. Nd4 Bd7 20. Rfe1 e5 21. Nb3 Ng4 22. h3 Nxe3 23. Rxe3 f5 24. Qe2 f4 25. Rf3 e4 26. Bxe4 dxe4 27. Qxe4 Rae8 28. Qd5+ Kh8 29. Rd3 Bc6 30. Qc5 Rf5 31. Qd6 Qxd6 32. Rxd6 Ba4 33. Ra6 Bxb3 34. axb3 Rb5 35. b4 Kg8 36. Rxa7 Be5 37. Re1 Reb8 38. Rd7 h6 39. Kf1 Kf8 40. Rh7 Bg7 41. Rd1 Kg8 42. Rxg7+ Kxg7 43. Rd7+ Kf6 0-1

[Event "Steinfurt Bezirksliga 0910"]
[Site "Germany"]
[Date "2010.01.23"]
[Round "5.5"]
[White "Beyer, Rainer"]
[Black "Weiermann, Ewald"]
[Result "1/2-1/2"]
[WhiteElo "1387"]
[BlackElo "1663"]
[PlyCount "59"]
[EventDate "2009.09.12"]
[EventType "team-tourn"]
[EventRounds "9"]
[EventCountry "GER"]
[SourceTitle "EXT 2011"]
[Source "ChessBase"]
[SourceDate "2010.11.26"]
[SourceVersion "1"]
[SourceVersionDate "2010.11.26"]
[SourceQuality "1"]
[WhiteTeam "Rheine"]
[BlackTeam "Steinfurt II"]
[WhiteTeamCountry "GER"]
[BlackTeamCountry "GER"]

1. e4 e6 2. Nf3 d5 3. exd5 exd5 4. d3 Nf6 5. Be2 Be7 6. Bf4 c5 7. 0-0 Nc6 8. c3 0-0 9. Re1 Bd6 10. Bxd6 Qxd6 11. Nbd2 b6 12. h3 Bb7 13. Nh2 d4 14. Nc4 Qc7 15. Bf3 dxc3 16. bxc3 Rad8 17. Re3 Nd5 18. Bxd5 Rxd5 19. Nf3 Rfd8 20. Qc2 b5 21. Rae1 Kf8 22. Nce5 Nxe5 23. Nxe5 f6 24. Nf3 R5d7 25. Qb1 a6 26. Rd1 Re7 27. Rde1 Rxe3 28. Rxe3 Qd7 29. Qc2 Bc6 30. Qe2 1/2-1/2

[Event "Steinfurt Bezirksklasse 0506"]
[Site "Germany"]
[Date "2005.11.12"]
[Round "3.5"]
[White "Sperling, Guenther"]
[Black "Beyer, Rainer"]
[Result "0-1"]
[WhiteElo "1186"]
[BlackElo "1224"]
[PlyCount "108"]
[EventDate "2005.09.10"]
[EventType "team-tourn"]
[EventRounds "7"]
[EventCountry "GER"]
[SourceTitle "EXT 2006"]
[Source "ChessBase"]
[SourceDate "2005.11.24"]
[SourceVersion "1"]
[SourceVersionDate "2005.11.24"]
[SourceQuality "1"]
[WhiteTeam "Reckenfeld II"]
[BlackTeam "Rheine SG"]
[WhiteTeamCountry "GER"]
[BlackTeamCountry "GER"]

1. e4 c5 2. Nf3 e6 3. c3 Nf6 4. d3 Nc6 5. Bg5 d6 6. Bxf6 Qxf6 7. Be2 g6 8. Nbd2 Bg7 9. Nb3 b6 10. Qd2 Bb7 11. Qg5 Qxg5 12. Nxg5 Bf6 13. Nf3 Ke7 14. Rd1 Rad8 15. 0-0 h6 16. d4 cxd4 17. cxd4 Bg7 18. a3 Rc8 19. Rc1 Rhd8 20. Rfe1 Nb8 21. Bd3 Nd7 22. Rxc8 Rxc8 23. Rc1 Rxc1+ 24. Nxc1 Nf6 25. e5 Bxf3 26. exf6+ Bxf6 27. gxf3 Bxd4 28. b3 Bb2 29. a4 Bxc1 30. Kf1 g5 31. Ke2 f5 32. h3 Kf6 33. Kd1 Ba3 34. Ke2 Ke5 35. Kd2 Kf4 36. Ke2 d5 37. Bc2 e5 38. Bb1 e4 39. fxe4 fxe4 40. Bc2 h5 41. Bd1 Bc5 42. Kf1 h4 43. Bg4 a6 44. Be2 a5 45. Bd1 Ke5 46. Ke2 Kd4 47. Kd2 Bb4+ 48. Ke2 Kc3 49. f3 exf3+ 50. Kxf3 d4 51. Ke4 d3 52. Kd5 Kd2 53. Bg4 Kc2 54. Kd4 d2 0-1

[Event "Steinfurt Bezirksklasse 0405"]
[Site "Germany"]
[Date "2004.09.18"]
[Round "1.8"]
[White "Beyer, Rainer"]
[Black "Schwarzenberger, Katharina"]
[Result "1-0"]
[WhiteElo "1297"]
[BlackElo "774"]
[PlyCount "89"]
[EventDate "2004.09.18"]
[EventType "team-tourn"]
[EventRounds "11"]
[EventCountry "GER"]
[SourceTitle "EXT 2006"]
[Source "ChessBase"]
[SourceDate "2005.11.24"]
[SourceVersion "1"]
[SourceVersionDate "2005.11.24"]
[SourceQuality "1"]
[WhiteTeam "Rheine SG"]
[BlackTeam "Rheine SG II"]
[WhiteTeamCountry "GER"]
[BlackTeamCountry "GER"]

1. d4 d5 2. Nf3 Nc6 3. e3 a6 4. c4 Nf6 5. Nc3 e6 6. a3 Bd6 7. cxd5 exd5 8. h3 0-0 9. Bd3 h6 10. 0-0 Ne7 11. Qc2 g6 12. e4 h5 13. e5 Nf5 14. Bg5 Be7 15. exf6 Bd6 16. Rfe1 Be6 17. Na4 c6 18. Nc5 Qe8 19. Nxe6 fxe6 20. Bxf5 gxf5 21. Nh4 Qd7 22. Ng6 Rfe8 23. Qd1 Qh7 24. Nf4 e5 25. dxe5 Rxe5 26. Rxe5 Bxe5 27. Nd3 Bc7 28. Qf3 Re8 29. h4 Bb6 30. Nf4 Kf8 31. Nxh5 Re4 32. Ng3 Re5 33. Kf1 Qg6 34. Qf4 Qe8 35. Qb4+ Kf7 36. Qxb6 Qd7 37. f4 Re6 38. Nxf5 Re4 39. Nh6+ Kf8 40. Qc5+ Ke8 41. f7+ Qxf7 42. Nxf7 Kxf7 43. Re1 Kg6 44. g4 b6 45. Qxc6+ 1-0

[Event "Steinfurt Bezirksliga 0304"]
[Site "Germany"]
[Date "2004.02.21"]
[Round "5.7"]
[White "Schnabel, Reinhard"]
[Black "Beyer, Rainer"]
[Result "1/2-1/2"]
[WhiteElo "1576"]
[BlackElo "1224"]
[PlyCount "57"]
[EventDate "2003.10.18"]
[EventType "team-tourn"]
[EventRounds "9"]
[EventCountry "GER"]
[SourceTitle "EXT 2005"]
[Source "ChessBase"]
[SourceDate "2004.11.15"]
[SourceVersion "1"]
[SourceVersionDate "2004.11.15"]
[SourceQuality "1"]
[WhiteTeam "Reckenfeld"]
[BlackTeam "Rheine SG"]
[WhiteTeamCountry "GER"]
[BlackTeamCountry "GER"]

1. e4 c5 2. Nf3 e6 3. d4 cxd4 4. Nxd4 Nc6 5. Be3 Nf6 6. f3 d5 7. exd5 Nxd5 8. Bf2 Be7 9. Bd3 Bh4 10. g3 Bf6 11. c3 Nxd4 12. cxd4 Qa5+ 13. Qd2 Qxd2+ 14. Nxd2 Bd7 15. 0-0 0-0 16. a3 Bc6 17. Rac1 e5 18. dxe5 Bxe5 19. Nc4 Bf6 20. Rc2 Ne7 21. Re1 Rfd8 22. Be4 Bxe4 23. Rxe4 Nc6 24. Kg2 h6 25. h4 Rac8 26. Rce2 Nd4 27. Bxd4 Bxd4 28. Ne3 Bxe3 29. R4xe3 1/2-1/2

[Event "Steinfurt Bezirksliga 0304"]
[Site "Germany"]
[Date "2003.11.22"]
[Round "2.7"]
[White "Beyer, Rainer"]
[Black "Schilke, Hardy"]
[Result "1/2-1/2"]
[WhiteElo "1224"]
[BlackElo "1356"]
[PlyCount "100"]
[EventDate "2003.10.18"]
[EventType "team-tourn"]
[EventRounds "9"]
[EventCountry "GER"]
[SourceTitle "EXT 2005"]
[Source "ChessBase"]
[SourceDate "2004.11.15"]
[SourceVersion "1"]
[SourceVersionDate "2004.11.15"]
[SourceQuality "1"]
[WhiteTeam "Rheine SG"]
[BlackTeam "Rheine Klein Berlin II"]
[WhiteTeamCountry "GER"]
[BlackTeamCountry "GER"]

1. d4 d5 2. c4 c6 3. Nc3 e6 4. e3 Nf6 5. Nf3 Bd6 6. c5 Be7 7. Bd3 Nbd7 8. Qc2 h6 9. h3 Qc7 10. Bd2 e5 11. dxe5 Nxe5 12. Nxe5 Qxe5 13. b4 0-0 14. Rc1 Bd7 15. Ne2 Qc7 16. Bc3 b6 17. Bd4 bxc5 18. Bxc5 Bxc5 19. Qxc5 a6 20. 0-0 Qb7 21. Ng3 Rfe8 22. Rfe1 Rab8 23. a3 Rbc8 24. f3 Be6 25. Nf5 Bxf5 26. Bxf5 Rc7 27. Qd6 Qb6 28. Kf2 Qb7 29. Rc5 Rf8 30. Rec1 Ne8 31. Qe5 g6 32. Bd3 Ng7 33. e4 Re8 34. Qc3 Qb6 35. Kf1 Rec8 36. exd5 Ne8 37. dxc6 Rd8 38. Qc4 Rd6 39. Qxa6 Qb8 40. Qc4 Qd8 41. Rc3 Rd4 42. Qb3 Nf6 43. R5c4 Rd6 44. Be2 Nd5 45. Rc1 Qe8 46. Re4 Qd8 47. b5 Qg5 48. Re8+ Kh7 49. Re1 Nf4 50. g4 Qh4 1/2-1/2